Advanced mathematical methods for scientists and engineers /
Guardado en:
| Autor Principal: | |
|---|---|
| Otros Autores: | |
| Formato: | Libro |
| Idioma: | English |
| Publicado: |
New York :
Springer,
1999.
|
| Materias: | |
| Etiquetas: |
Agregar Etiqueta
Sin Etiquetas, Sea el primero en etiquetar este registro!
|
| LEADER | 01035cam a22002774a 4500 | ||
|---|---|---|---|
| 001 | MAT.inmabb004011 | ||
| 008 | 990811r19991978nyu######b####001#0#eng## | ||
| 005 | 20130405112502.0 | ||
| 245 | 1 | 0 | |a Advanced mathematical methods for scientists and engineers / |c Carl M. Bender, Steven A. Orszag. |
| 260 | |a New York : |b Springer, |c 1999. | ||
| 300 | |a xiv, 593 p. : |b il. ; |c 25 cm. | ||
| 500 | |a Publicado originalmente: New York : McGraw-Hill, c1978. | ||
| 504 | |a Incluye referencias bibliográficas (p. 577-579) e índice. | ||
| 505 | 1 | |a 1. Asymptotic methods and perturbation theory | |
| 510 | 4 | |a MR, |c 2000m:34116 | |
| 020 | |a 0387989315 | ||
| 100 | 1 | |a Bender, Carl M. | |
| 700 | 1 | |a Orszag, Steven A. | |
| 650 | 0 | |a Differential equations |x Numerical solutions. | |
| 650 | 0 | |a Difference equations |x Numerical solutions. | |
| 650 | 0 | |a Engineering mathematics. | |
| 650 | 0 | |a Science |x Mathematics. | |
| 084 | |a 34Exx (00A06 35-01 35-02 65-06) |2 msc2000 | ||
| 010 | |a 99044783 | ||
| 040 | |a DLC |c DLC | ||
| 859 | |h 34 |i B458 |p A-8367 |b BIB. MATEMATICA | ||
